Aprendizaje criminal en Colombia

Detalles Bibliográficos
Autor principal: De Len̤ Beltrǹ, Isaac
Formato: eBook
Lenguaje:español
Publicado: Bogot:̀ Ediciones de la U, 2014
Materias:
Acceso en línea:Acceso restringido

MARC

LEADER 00000nam a22000007a 4500
005 20181031110618.0
007 cr|||| ||||
008 181031s2014 co |||||s|||| 00||0 spa d
020 |a 978-958-762-138-9 
035 |a 22121 
040 |a vLex 
090 |c 8243  |d 8243 
100 1 |a De Len̤ Beltrǹ, Isaac 
245 1 0 |a Aprendizaje criminal en Colombia  |h [Recurso electrn̤ico] /  |c Isaac De Len̤ Beltrǹ 
256 |a Servicio en ln̕ea 
260 |a Bogot:̀  |b Ediciones de la U,  |c 2014 
300 |a 1 recurso electrn̤ico 
500 |a "El crimen organizado es la forma ms̀ peligrosa, daįna y rentable de las actividades ilc̕itas. Sin embargo, no es muy comn︢ que se apliquen las herramientas de la teora̕ de las organizaciones para escudriąr su funcionamiento, capacidades y debilidades. A diferencia de otros trabajos sobre este tema, que con facilidad caen en la retr̤ica de la lucha entre "buenos" y "malos"; el aporte de Isaac de Len̤ Beltrǹ en este trabajo pionero es facilitar la comprensin̤ cientf̕ica de por qu ̌y cm̤o operan las organizaciones criminales, y por qu ̌ha sido tan difc̕il para las autoridades pb︢licas controlarlas y reprimirlas. El libro est ̀estructurado en una serie de estudios de caso de distintos aspectos del delito colombiano. Aborda problemas intelectualmente fascinantes cuyas soluciones son de inmensa relevancia prc̀tica: ¿cul̀ ha sido la contribucin̤ del entorno al x̌ito del narcotrf̀ico? ¿Cm̤o el capital social perverso ha facilitado la para polt̕ica y de qu ̌manera se han estructurado sus redes? ¿Cm̤o se logr ̤la toma de la inteligencia del DAS por elementos criminales? ¿Por qu ̌son ms̀ eficientes las organizaciones de los criminales que las entidades estatales a cargo de su persecucin̤? ¿Cm̤o opera la competencia entre bandas, pandillas y la polica̕ en las comunas de Medelln̕? Un tema recurrente, que se refleja en el tt̕ulo de este libro, es el aprendizaje criminal. Las organizaciones de delincuentes aprenden y mejoran continuamente sus tčnicas y procederes - como todos los empresarios exitosos. El gran reto de la polt̕ica criminal es llegar a ser, en palabras del autor, tan innovadora como las organizaciones al margen de la ley". 
506 1 |a Disponible solo en los productos indicados  |d vLex Global  |d vLex Global (Academic Edition, excluding Law Schools)  |d vLex Global (U.S. Academic Edition, Law Schools)  |d vLex Global (U.S. Academic Edition, excluding Law Schools)  |d vLex Global (Academic Edition, Law Schools) 
650 0 4 |a Ciencias sociales  |z Colombia 
740 0 |a vLex Libros (Servicio en ln̕ea) 
856 4 0 |u http://vlex.com/source/aprendizaje-criminal-en-colombia-22121  |z Acceso restringido 
942 |c BOOK 
999 0 |a Social Sciences